Самые популярные треки KIZARU в Spotify - Statistics

General Stats
  • This quiz has been taken 231 times
  • The average score is 7 of 30
Answer Stats
Hint Answer % Correct
26.2m Дежавю
87%
6.9m Money Long
60%
2.4m Никто Не Нужен
40%
1.8m Рашан моуст уонтэд
39%
6.4m Block Baby
30%
7.7m Narcos
30%
4.4m Что за бизнес сука?
29%
3.8m Plug
29%
4.6m Евгений Онегин
27%
5.1m Say No Mo
26%
2.5m Держу район
23%
2.1m Что ты знаешь обо мне
22%
5.5m Bad Blood
22%
7.8m Honey's Kettle
22%
3.0m Оу щит
21%
1.9m Если бы я был тобой
20%
3.5m Deep End
18%
1.9m Ice Cream
18%
1.8m Trapazoid
18%
2.2m Изи арифметика
17%
2.0m Психопат-лунатик
15%
2.1m Message
15%
1.9m G Shit
14%
3.9m Whistle Song
14%
1.8m Газ в пол
13%
1.9m Oh Whou
12%
5.6m Stick Out
12%
2.6m На моём аккаунте
11%
2.5m Wassup homie
11%
2.4m Drip Catcher
10%
No matching quizzes found
Score Distribution
Percent of People with Each Score
Percentile by Number Answered
Your Score History
You have not taken this quiz